000 00441 a2200169 4500
001 191783
020 _a978-85-8193-313-9
040 _cMagnum
100 _aCoelho, Isabel Lopes
240 1 0 _aAlice através do espelho e o que ela encontrou lá
_lpor
245 1 0 _aAlice através do espelho e o que ela encontrou lá
300 _a32
362 0 _a2016
440 1 _aFolha de São Paulo
697 _aLITERATURA INFANTO
942 _cBK
999 _c191783
_d191783